000 00627nam a2200217Ia 4500
001 5110
003 GE_BSU
008 181216s||||||||xx |||||||||||||| ||und||
040 _cGE_BSU
080 _a512
100 _aВиленкин, Н.Я.
245 _aМетод последовательных приближений.
245 _cРед. В.М. Гринберг.
250 _aИзд. 2-Е, перер. и доп.
260 _aМосква
260 _bНаука
260 _c1968
300 _a107 с. 20 см.
653 _aМетод последовательных приближений.
942 _cBK
999 _c38766
_d38766